000 00429 a2200157 4500
005 20250624161959.0
020 _a978-0-07-826612-2
082 _aLM 604.2 JEN
100 _aJENSEN, C.
245 _aFundamentals of Engineering Drawing.
250 _a5th Ed.
260 _aNew York,
_bMcGraw-Hill,
_c2002.
300 _axv,721p.: ill.; figures, tables
_bIndex
_c28cm.
700 _aHELSEL, J. D. & SHORT, D. R.
942 _2ddc
_cBKS
999 _c1654
_d1654